Statistics for Countries With the Most Public Holidays

Click here to take the quiz!

General Stats

  • This quiz has been taken 9 times
  • The average score is 5 of 10

Answer Stats

# DaysAnswer% Correct
21India
100%
22Egypt
67%
26Iran
67%
22Bangladesh
44%
21Cambodia
44%
39Nepal
44%
21Malaysia
33%
32Myanmar
33%
25Sri Lanka
22%
20Liechtenstein
11%

Score Distribution

Percentile by Number Answered

Percent of People with Each Score

Your Score History

You have not taken this quiz